000 00399nam a2200157 i 4500
001 bg
100 1 _aMIRSKA, Barbara
245 0 _aStołówki w zakładach przemysłowych /
_cBarbara Mirska, Zygmunt Mirski.
250 _aWyd.2 znowel.
260 _aWarszawa,
_c1974.
700 1 _aMIRSKI, Zygmunt
040 _cBPK
041 _apol
942 _cKS
008 s pl f |000 0 pol
999 _c27218
_d27218
856 _uhttp://koha.tu.koszalin.pl/cgi-bin/koha/opac-detail.pl?biblionumber=27218
_yKatalog online BPK